INII

Gorde:
Xehetasun bibliografikoak
Formatua: Liburua
Hizkuntza:Spanish
Argitaratua: San José, Costa Rica. : Universidad de Costa Rica, Laboratorio. Instituto de Investigcaciones en Ingeniería 199?
Etiketak: Etiketa erantsi
Etiketarik gabe, Izan zaitez lehena erregistro honi etiketa jartzen!

MARC

LEADER 00000nam a2200000Ia 4500
003 MV0084
005 20221231143941.0
008 140114s199? cr a 000 ||spa d
040 |c cru CEDI 
090 |a MV 84 
245 |a INII 
260 |a San José, Costa Rica. : Universidad de Costa Rica, Laboratorio. Instituto de Investigcaciones en Ingeniería  |c 199? 
300 |a 16 páginas :ilustraciones a color  
942 |c MX 
999 |c 14686  |d 14686